00657nam a22001817a 450000500170000001000130001702000230003008200130005310000180006624500570008426000610014127000480020230000270025050000190027794200270029699900190032395201330034220180825153014.0 aA-878282 a8120311523c150.00 a001.6424 akraynak, Joe  aThe complete idiots guide to pcs /cby Joe kraynak  aNew Delhibprentice-Hall of India private limited c1997 aM-97, connaught circus bNew Delhi e110001 axxiv, 383p. c22cm(Hb) aIncludes index 2ddccENmKRAh001.6424 c156341d156341 001040708NFICaBL4bBL4d2018-08-25eBPPD/PUBg150.00l0o001.6424 KRApA-878282r2018-08-25 00:00:00v150.00w2018-08-25yEN